Innovación en edificios de apartamentos /

Se presentan aquí veintidós ejemplos de las nuevas tendencias de arquitectura de departamentos, desarrollados en diversos lugares del mundo.

שמור ב:
מידע ביבליוגרפי
מחבר ראשי: Broto, Carles (autor)
מחברים אחרים: George, William (traducción) (traducción), Rojals, Marta (traducción) (traducción)
פורמט: ספר
שפה:ספרדית
יצא לאור: Barcelona, España : Links, 2007, c2007
נושאים:
תגים: הוספת תג
אין תגיות, היה/י הראשונ/ה לתייג את הרשומה!

MARC

LEADER 00000nam^a2200000^a^4500
001 000263912
005 20250521000000.0
009 20260310110628.514
020 |a 84-89861-44-7 
037 |a Acervo ITESO - Biblioteca 
041 |a ESP 
082 |a 728. 314  |b BRO 
100 |a Broto, Carles  |e (autor) 
245 1 0 |a Innovación en edificios de apartamentos /  |c C. Broto ; tr. por William George, Marta Rojals. 
264 4 |a Barcelona, España :  |b Links,  |c 2007, c2007 
300 |a 239 p. 
336 |a texto  |b txt  |2 rdacontenido 
337 |a sin mediación  |b n  |2 rdamedio 
338 |a volumen  |b nc  |2 rdasoporte 
520 |a Se presentan aquí veintidós ejemplos de las nuevas tendencias de arquitectura de departamentos, desarrollados en diversos lugares del mundo. 
649 |a XX 
650 |a Departamentos -  |x Tema Principal 
650 |a Vivienda 
650 |a Diseño Arquitectónico 
650 |a Arquitectura -  |y 2000-2009 
650 |a Arquitectura -  |y Siglo XXI 
650 |a Arte -  |y 2000-2009 
650 |a Arte -  |y Siglo XXI 
700 |a George, William  |e (traducción) 
700 |a Rojals, Marta  |e (traducción) 
910 |a Fondo General 
920 |a Impresos - Libros 
930 |a Reserva Especial 
905 |a 103 
901 |a 0500145241  |b IT1  |c REE  |u 20250521 
902 |a https://opac.biblio.iteso.mx/vufind/Record/000263912